Complete comprehensive courseware : (Record no. 61668)
[ view plain ]
| 000 -LEADER | |
|---|---|
| fixed length control field | 00625nam a22001697a 4500 |
| 005 - DATE AND TIME OF LATEST TRANSACTION | |
| control field | 20180828124257.0 |
| 008 - FIXED-LENGTH DATA ELEMENTS--GENERAL INFORMATION | |
| fixed length control field | 120130t xxu||||| |||| 00| 0 eng d |
| 020 ## - INTERNATIONAL STANDARD BOOK NUMBER | |
| International Standard Book Number | 8177290088 |
| Terms of availability | 360.00 |
| 035 ## - SYSTEM CONTROL NUMBER | |
| System control number | B-10476, B-010480 |
| 040 ## - CATALOGING SOURCE | |
| Original cataloging agency | DPL |
| Language of cataloging | ENG |
| 100 ## - MAIN ENTRY--PERSONAL NAME | |
| Personal name | Prasad, B. D. |
| 9 (RLIN) | 40376 |
| 245 ## - TITLE STATEMENT | |
| Title | Complete comprehensive courseware : |
| Remainder of title | MCA entrance test for all MCA courses in India's major universities-institute / |
| Statement of responsibility, etc | by B. D. Prasad and Prashant Kumar |
| 260 ## - PUBLICATION, DISTRIBUTION, ETC. (IMPRINT) | |
| Place of publication, distribution, etc | Gurgaon |
| Name of publisher, distributor, etc | Cosmos Bookhive (P) Ltd. |
| Date of publication, distribution, etc | 2001 |
| 300 ## - PHYSICAL DESCRIPTION | |
| Extent | various pages |
| Dimensions | 30 cms. |
| 700 ## - ADDED ENTRY--PERSONAL NAME | |
| Personal name | Prashant Kumar |
| 9 (RLIN) | 40377 |
| 942 ## - ADDED ENTRY ELEMENTS (KOHA) | |
| Source of classification or shelving scheme | Dewey Decimal Classification |
| Item type | English Books |
| Classification part | 000 |
| Call number suffix | PRA |
| Withdrawn status | Lost status | Source of classification or shelving scheme | Damaged status | Not for loan | Collection code | Home library | Current library | Shelving location | Date acquired | Cost, normal purchase price | Total Checkouts | Full call number | Barcode | Date last seen | Cost, replacement price | Koha item type | Source of acquisition |
|---|---|---|---|---|---|---|---|---|---|---|---|---|---|---|---|---|---|
| Dewey Decimal Classification | Non-fiction | Sarojini Nagar | Sarojini Nagar | General Stacks | 30/01/2012 | 360.00 | 000 PRA | B-10476 | 30/01/2012 | 360.00 | English Books | ||||||
| Dewey Decimal Classification | Non-fiction | Shahdara Branch | Shahdara Branch | 28/08/2018 | 360.00 | 000 PRA | B-010480 | 28/08/2018 | 360.00 | English Books | BPPD/PUB |
